000
00218 a2200097 4500
001
1205
100
_a
Schweitzer,G
245
_a
Basics of frational H power motors & repair
260
_a
_b
Rider
_c
090
_c
767
_d
767
942
_a
NUST-CAE
_c
M
_c
34344
999
_c
236278
_d
236278